Instrumentos financieros bs̀icos Gua̕ prc̀tica, apuntes de clase y casos /

Detalles Bibliográficos
Autor principal: Torres Da̕z, Patricia
Formato: eBook
Lenguaje:español
Publicado: Bogot:̀ Ediciones de la U, 2021
Materias:
Acceso en línea:Acceso restringido

MARC

LEADER 00000nam a22000007a 4500
005 20210906223829.0
007 cr|||| ||||
008 210906s2021 co |||||s|||| 00||0 spa d
020 |a 978-958-792-251-6 
035 |a 35039 
040 |a vLex 
090 |c 12272  |d 12272 
100 1 |a Torres Da̕z, Patricia 
245 1 0 |a Instrumentos financieros bs̀icos  |h [Recurso electrn̤ico] :  |b Gua̕ prc̀tica, apuntes de clase y casos /  |c Patricia Torres Da̕z 
256 |a Servicio en ln̕ea 
260 |a Bogot:̀  |b Ediciones de la U,  |c 2021 
300 |a 1 recurso electrn̤ico 
500 |a Todas las organizaciones que realizan transacciones en el transcurso de sus negocios tienen instrumentos financieros registrados en su contabilidad. El tratamiento contable de los mismos puede variar de acuerdo con la situacin̤ particular de cada transaccin̤. Es por esta razn̤ que quienes se involucran en las actividades contables deben tener el criterio y conocimiento adecuado para identificar cada clase de instrumentos financieros, determinar el procedimiento apropiado para el reconocimiento contable, diferenciar la forma de utilizar las mediciones y, en general, saber aplicar todas las metodologa̕s propuestas por la normatividad contable para este tema en particular.Teniendo en cuenta lo anterior, la siguiente gua̕ propone el desarrollo de los contenidos sobre instrumentos financieros bs̀icos cimentados en las definiciones y planteamientos de las Normas Internacionales de Informacin̤ financiera (NIIF). La propuesta pretende que, mediante una adaptacin̤ sencilla y prc̀tica basada en casos reales obtenidos de mi experiencia como docente y consultora empresarial, el estudiante pueda apropiarse del conocimiento esencial referente al tema tratado. 
506 1 |a Disponible solo en los productos indicados  |d vLex Global  |d vLex Global (Academic Edition, excluding Law Schools)  |d vLex Global (U.S. Academic Edition, Law Schools)  |d vLex Global (U.S. Academic Edition, excluding Law Schools)  |d vLex Global (Academic Edition, Law Schools) 
650 0 4 |a Contabilidad  |z Colombia 
740 0 |a vLex Libros (Servicio en ln̕ea) 
856 4 0 |u https://app.vlex.com/#/sources/35039  |z Acceso restringido 
942 |c BOOK 
999 0 |a Accounting